| 000 | 00877nam a22002537a 4500 | ||
|---|---|---|---|
| 005 | 20141029125918.0 | ||
| 008 | 131126b xxu||||| |||| 00| 0 eng d | ||
| 010 | _aPUN-7730 B-577415-418 | ||
| 020 |
_c195.00 _a9788182993013X |
||
| 035 | _aPN-6848 B-577415-418 | ||
| 037 | _bDBAD / PUB | ||
| 037 | _bArsee Publishers | ||
| 037 | _bstar publications/ven | ||
| 040 |
_adpl _bpn |
||
| 082 | _aਕ | ||
| 100 | _aਜਿੰਦਰ | ||
| 245 |
_aਜ਼ਖ਼ਮ / _cਜਿੰਦਰ |
||
| 246 |
_aZkham _bby Jinder |
||
| 260 |
_aDelhi _bArsee Publishers _c2013 |
||
| 270 |
_bDelhi _aChandni Chowk _k011-65966481 |
||
| 300 | 4 |
_a112p. _c22ਸੇਂਮੀ (ਸਜਿਲੱਦ) |
|
| 942 |
_2ddc _cPN _hਕ _mਜਿੰਦਰ |
||
| 999 |
_c80898 _d80898 |
||